Pays du Monde commençant par BA, BE, BI, BO, BR, BU - Statistiques

Statistiques générales
  • Ce quiz a été pris 747 fois
  • Le résultat moyen est 12 sur 17
Statistiques - réponses
Réponse % Correct
Belgique
85%
Birmanie
83%
Bolivie
81%
Brésil
80%
Bulgarie
80%
Burundi
71%
Biélorussie
70%
Bahamas
68%
Botswana
68%
Belize
66%
Bahreïn
63%
Barbade
63%
Bénin
63%
Brunei
63%
Bangladesh
60%
Burkina Faso
55%
Bosnie-Herzégovine
50%
Aucun quiz correspondant
Distribution des résultats
% des personnes avec chaque résultat
Percentile par nombre de réponses
Votre historique - résultats
Vous n’avez pas pris ce quiz